000 01681cam a22006017a 4500
999 _c959
_d231463
001 000968
003 armpunfd
005 20190513171339.0
008 050706e0####xx#a##########000#0##nd#d
020 _a9879494091
040 _aarmpunfd
_carmpunfd
080 _a342 SL 16
100 1 0 _a Slavin, Luis Pablo
245 1 0 _aElementos de derecho politico
260 _aMar Del Plata :
_bSuarez,
_c2001.
650 7 _a Ciencia Politica
_2LEMB
650 7 _a Derecho Politico
_2LEMB
700 1 0 _aSlavin, Pablo Eduardo
942 _cLB
_2cdu
945 _aCatalis
_d2010-08-19
945 _aCatalis
_d2010-08-19
945 _aCatalis
_d2010-08-19
945 _aCatalis
_d2010-08-19
945 _aCatalis
_d2010-08-19
945 _aCatalis
_d2010-08-19
945 _aCatalis
_d2010-08-19
945 _aCatalis
_d2010-08-19
945 _aCatalis
_d2010-08-19
945 _aCatalis
_d2010-08-19
945 _aCatalis
_d2010-08-19
945 _aCatalis
_d2010-08-19
945 _aCatalis
_d2010-08-19
945 _aCatalis
_d2010-08-19
945 _aCatalis
_d2010-08-19
945 _aCatalis
_d2010-08-19
945 _aCatalis
_d2010-08-19
945 _aCatalis
_d2010-08-19
945 _aCatalis
_d2010-08-19
945 _aCatalis
_d2010-08-19
945 _aCatalis
_d2010-08-19
945 _aCatalis
_d2010-08-19
945 _aCatalis
_d2010-08-19
945 _aCatalis
_d2010-08-19
945 _asa
_d2012-11-14
945 _asa
_d2012-11-14
945 _asa
_d2013-04-29
945 _asa
_d2013-04-29
945 _asa
_d2013-11-22
945 _asa
_d2013-11-22
945 _asa
_d2013-11-22
945 _asa
_d2014-05-22
945 _asa
_d2014-05-22